Wigan Warriors 2024 Squad - Statistics

General Stats
  • This quiz has been taken 11 times
  • The average score is 17 of 29
Answer Stats
Squad Number Answer % Correct
7 Harry Smith
100%
1 Jai Field
100%
5 Liam Marshall
100%
2 Abbas Miski
88%
6 Bevan French
88%
4 Jake Wardle
88%
17 Kruise Leeming
88%
12 Liam Farrell
88%
8 Ethan Havard
75%
13 Kaide Ellis
75%
15 Patrick Mago
75%
3 Adam Keighran
63%
9 Brad O'Neill
63%
30 Jack Farrimond
63%
21 Junior Nsemba
63%
16 Luke Thompson
63%
19 Tyler Dupree
63%
11 Willie Isa
63%
10 Liam Byrne
50%
22 Sam Walters
50%
26 Zach Eckersley
50%
20 Harvie Hill
38%
14 Mike Cooper
38%
28 Jacob Douglas
25%
24 Tiaki Chan
25%
27 Tom Forber
25%
29 Harvey Makin
13%
23 Ryan Hampshire
13%
25 Sam Eseh Jr
13%
No matching quizzes found
Score Distribution
Percent of People with Each Score
Percentile by Number Answered
Your Score History
You have not taken this quiz